00521nam a2200169Ia 4500003000400000008004100004040001600045082001800061100002800079245005800107300001100165490003500176650003400211650003400245650003600279650003600315GCL140319s9999 xx 000 0 ara d aGCL / cGCL04a331.62bع ع1 aعطية الصيرفى10aعمال التراحيل / cعطية الصيرفى a147 ص aقضايا اقتصاديةv004aالهجرة الداخلية04aالعمال المصريون04aالعمال المهاجرون04aالعمالة الموسمية